Loading...

Ekantha theeram

Bibliographic Details
Main Author: Mathew Nellikkunnu
Format: Printed Book
Published: Thiruvananthapuram Prabhath 1999
Subjects:
LEADER 00619nam a22001931a 4500
020 |c 0.00 
040 |a SSUS - Library - Kalady 
082 |a M301  |b MAT/E 
100 |a Mathew Nellikkunnu 
245 |a Ekantha theeram  |h [Text] 
260 |a Thiruvananthapuram  |b Prabhath  |c 1999 
300 |a 112p. 
600 |a Literature 
600 |a Literature Malayalam 
600 |a Stories Malayalam  
852 |h M301  |i MAT/E  |p 020573  |9 40.00  |t 0 
942 |c BK 
999 |c 12189  |d 12189 
952 |0 0  |1 0  |4 0  |6 M_301_000000000000000_MAT_E  |7 0  |9 17690  |a SSUS  |b SSUS  |d 2015-01-08  |g 40.00  |l 1  |o M301 MAT/E  |p 020573  |r 2016-07-19  |s 2016-07-08  |v 0.00  |w 2015-01-08  |y BK